000 01250nam a2200253Ia 4500
003 Ost
005 20260507075332.0
008 260507s9999||||xx |||||||||||||| ||und||
020 _a36998799539
040 _cfsecg
041 _aara
082 _a330
100 _aنابوليوني، لوريتا
_eمؤلف
245 0 _aالاقتصاد العالمي الخفي :
_bرأسمالية جديدة ، تجارة الرقيق و الجنس ، فضيحة القروض العقارية /
_c لوريتا نابوليوني
260 _aلبنان:
_bالدار العربية للعلوم ناشرون,
_c2010
300 _a358 صفحة؛
_bإيضاحات ؛
_c22 سم
504 _aالهوامش ص.335
520 _aالعدو أقرب الينا من حبل الوريد- الاقتصاديات المشبوهة عصية على السيطرة- نهاية السياسة- أرض الفرص- منظومة السوق- التقنية المتطورية- صناع الأوهام في القرن العشرين- القوة المتطرفة للعولمة
653 _aالاقتصاد
653 _aالعولمة
653 _aجرائم الأموال
700 _aحامد،عامر لبنى
_eمؤلف ثانوي
942 _cكتاب
999 _c44011
_d44011